Statistics for NFL Cryptic Quiz

Click here to take the quiz!

General Stats

  • This quiz has been taken 42 times
  • The average score is 11 of 15

Answer Stats

ClueTeam% Correct
7 squared49ers
90%
Term for IndiansRedskins
90%
Indian leadersChiefs
90%
Jungle catsJaguars
90%
American gauchoCowboys
85%
747Jets
80%
Suntanned bodiesBrowns
71%
I.O.U sBills
68%
Army insectsGiants
68%
Credit card usersChargers
68%
Used to be a girlBengals
63%
Six shootersColts
59%
A dollar for cornBuccaneers
56%
God FathersTitans
56%
Turkey criminalsFalcons
56%

Score Distribution

Percentile by Number Answered

Percent of People with Each Score

Your Score History

You have not taken this quiz